Państwa wyszukiwane w Wikipedii najczęściej - Statystyki

Ogólne statystyki
  • Ten quiz został rozwiązany 54 888 razy
  • Średni wynik to 15 z 20
Statystyki odpowiedzi
Wyświetlenia strony Państwo % Poprawnych
204 mln Stany Zjednoczone
99%
74 mln Rosja
98%
79 mln Chiny
96%
71 mln Francja
93%
78 mln Niemcy
93%
52 mln Hiszpania
90%
92 mln Kanada
90%
57 mln Brazylia
89%
78 mln Japonia
87%
114 mln Wielka Brytania
85%
50 mln Meksyk
83%
53 mln Włochy
83%
128 mln Indie
82%
87 mln Australia
78%
53 mln Nowa Zelandia
48%
54 mln Holandia
43%
62 mln Izrael
43%
53 mln Pakistan
36%
55 mln Filipiny
29%
63 mln Singapur
20%
Nie znaleziono quizów pasujących do podanych kryteriów
Rozkład punktacji
Procent ludzi z każdym wynikiem
Percentyl według liczby udzielonych odpowiedzi
Twoja historia wyników
Nie rozwiązałeś tego quizu